[Event "TCh-FRA Top 12 w GpB"]
[Site "Paris FRA"]
[Date "2025.05.11"]
[Round "5.8"]
[White "Schippke, Manon"]
[Black "Bernard, Ines"]
[Result "1/2-1/2"]
[WhiteTitle "WIM"]
[BlackTitle "WFM"]
[WhiteElo "2161"]
[BlackElo "2077"]
[WhiteTeam "C'Chartres Echecs"]
[BlackTeam "Marseille-Echecs"]
[WhiteFideId "45100446"]
[BlackFideId "651043211"]
[EventDate "2025.05.08"]

1. e4 c5 2. Nf3 d6 3. d4 cxd4 4. Nxd4 Nf6 5. Nc3 a6 6. Rg1 e5 7. Nb3 h5 8. Bg5
Be6 9. Nd5 Bxd5 10. exd5 Be7 11. h4 Nbd7 12. f3 Rc8 13. Qd2 Nb6 14. O-O-O Nbxd5
15. Bd3 b5 16. Bf5 Rc7 17. Kb1 g6 18. Be4 Nxe4 19. fxe4 Nf6 20. Bxf6 Bxf6 21. g3
Be7 22. Nc1 Rc4 23. Qe3 Qa8 24. Rge1 Qc8 25. Re2 O-O 26. Nd3 f5 27. exf5 Qxf5
28. Qa7 Rf7 29. Qxa6 Qf3 30. Rde1 Qxg3 31. Qxb5 Rxh4 32. a4 Bf8 33. a5 Qg4 34.
Re4 Qg5 35. Rxh4 Qxh4 36. a6 Qd4 37. c3 Qa7 38. Nb4 Qa8 39. Qb6 Ra7 40. Rg1 Kg7
41. Qe3 Rf7 42. Qd3 e4 43. Qg3 Rf6 44. Qg5 d5 45. Nxd5 Rxa6 46. Qe5+ Kg8 47. Kc2
Bg7 48. Qxe4 Kh8 49. Qe2 Ra2 50. Qc4 Qa6 51. Qe4 Kh7 52. Kb3 Ra5 53. Nb4 Qb6 54.
Rg2 Re5 55. Qc4 Rc5 56. Qf7 Rf5 57. Qd7 h4 58. Qd3 Rh5 59. Rh2 h3 60. Qd7 Qe3
61. Nd5 Qf3 62. Ne7 Qf7+ 63. Kc2 Bf8 64. Rxh3 Qxe7 65. Rxh5+ gxh5 66. Qxe7+ Bxe7
67. Kd1 h4 68. Ke2 Bc5 69. Kf3 1/2-1/2

[Event "TCh-FRA Top 12 w GpB"]
[Site "Paris FRA"]
[Date "2025.05.11"]
[Round "5.9"]
[White "Gaponenko, Inna"]
[Black "Navrotescu, Andreea"]
[Result "1/2-1/2"]
[WhiteTitle "IM"]
[BlackTitle "WGM"]
[WhiteElo "2318"]
[BlackElo "2323"]
[WhiteTeam "Asnieres - Le Grand Echiquier"]
[BlackTeam "Mulhouse Philidor"]
[WhiteFideId "14101181"]
[BlackFideId "675946"]
[EventDate "2025.05.08"]

1. e4 c5 2. Nf3 Nc6 3. c3 Nf6 4. e5 Nd5 5. d4 cxd4 6. cxd4 d6 7. Bc4 dxe5 8.
dxe5 Be6 9. O-O g6 10. Ng5 Bg7 11. Nxe6 fxe6 12. f4 O-O 13. Nc3 Qb6+ 14. Kh1
Rad8 15. Nxd5 exd5 16. Bxd5+ Kh8 17. Qb3 Qxb3 18. Bxb3 Bxe5 19. Rb1 Rf6 20. g3
g5 21. Ba4 gxf4 22. Bxf4 Bxf4 23. Rxf4 Rxf4 24. gxf4 Rd2 25. Bxc6 bxc6 26. Rc1
Rxb2 27. Rxc6 Rxa2 28. Re6 Kg7 29. Rxe7+ Kg6 30. Re5 a5 31. Kg1 a4 32. Ra5 Kf6
33. h4 a3 34. Kf1 h6 35. Kg1 Ke6 36. f5+ Kf6 37. Kf1 h5 38. Kg1 Rb2 1/2-1/2

[Event "TCh-FRA Top 12 w GpB"]
[Site "Paris FRA"]
[Date "2025.05.11"]
[Round "5.10"]
[White "Vega Gutierrez, Sabrina"]
[Black "Guichard, Pauline"]
[Result "1/2-1/2"]
[WhiteTitle "IM"]
[BlackTitle "IM"]
[WhiteElo "2382"]
[BlackElo "2324"]
[WhiteTeam "Mulhouse Philidor"]
[BlackTeam "Asnieres - Le Grand Echiquier"]
[WhiteFideId "2219026"]
[BlackFideId "639370"]
[EventDate "2025.05.08"]

1. e4 e5 2. Nf3 Nc6 3. d4 exd4 4. Nxd4 Nf6 5. Nxc6 bxc6 6. e5 Qe7 7. Qe2 Nd5 8.
g3 g6 9. c4 Ba6 10. b3 Bg7 11. Bb2 O-O 12. Bg2 Rae8 13. O-O Bxe5 14. Qxe5 Qxe5
15. Bxe5 Rxe5 16. cxd5 Bxf1 17. Kxf1 cxd5 18. Na3 c6 19. Rd1 a5 20. Nc2 Ra8 21.
Rd4 Kf8 22. Ra4 Ke7 23. Bf3 Kd6 24. b4 Ree8 25. bxa5 Reb8 26. Ne3 Rb1+ 27. Kg2
Rb2 28. g4 Kc5 29. Bd1 Rd2 30. Bb3 Rd4 31. Ra3 Kb5 32. Bd1 Rxa5 33. Be2+ Kb6 34.
Rb3+ Kc7 35. a3 Rd2 36. Bd3 Ra2 37. Nc2 c5 38. Ne3 R5xa3 39. Nxd5+ Kd6 40. Rxa3
Rxa3 41. Bc4 f5 42. gxf5 gxf5 43. f4 h5 44. Kf2 h4 45. Ne3 Kc6 46. Nxf5 Rh3 47.
Bf1 Rc3 48. Ne3 d5 49. Bg2 Rd3 50. Ke2 Rd4 51. f5 Kd6 52. f6 Ke6 53. Nxd5 Rxd5
54. Bxd5+ Kxf6 55. Kf3 Ke5 1/2-1/2

[Event "TCh-FRA Top 12 w GpB"]
[Site "Paris FRA"]
[Date "2025.05.11"]
[Round "5.11"]
[White "Iglesias, Yosha"]
[Black "Richard, Emma"]
[Result "1/2-1/2"]
[WhiteTitle "FM"]
[BlackTitle "WFM"]
[WhiteElo "2288"]
[BlackElo "2142"]
[WhiteTeam "Asnieres - Le Grand Echiquier"]
[BlackTeam "Mulhouse Philidor"]
[WhiteFideId "637823"]
[BlackFideId "657590"]
[EventDate "2025.05.08"]

1. d4 Nf6 2. Nf3 d5 3. e3 e6 4. Bd3 c5 5. c3 Nbd7 6. Nbd2 b6 7. Qe2 Bb7 8. O-O
Ne4 9. c4 Bd6 10. cxd5 exd5 11. b3 O-O 12. Bb2 Qe7 13. Ba6 Bxa6 14. Qxa6 cxd4
15. Bxd4 Qe6 16. g3 h5 17. Rfd1 Be7 18. Rac1 h4 19. Nxe4 dxe4 20. Nd2 Bf6 21.
Nf1 Qg4 22. Rd2 h3 23. Qe2 Qxe2 24. Rxe2 Rac8 25. Rec2 Rxc2 26. Rxc2 Bxd4 27.
exd4 Rd8 28. Ne3 Nf6 29. d5 1/2-1/2

[Event "TCh-FRA Top 12 w GpB"]
[Site "Paris FRA"]
[Date "2025.05.11"]
[Round "5.12"]
[White "Riss, Selenia"]
[Black "Nicoara, Malina"]
[Result "1-0"]
[BlackTitle "WIM"]
[WhiteElo "1898"]
[BlackElo "2042"]
[WhiteTeam "Mulhouse Philidor"]
[BlackTeam "Asnieres - Le Grand Echiquier"]
[WhiteFideId "45142939"]
[BlackFideId "604631"]
[EventDate "2025.05.08"]

1. e4 c5 2. Nf3 Nc6 3. Bb5 Nf6 4. Nc3 a6 5. Bxc6 dxc6 6. e5 Nd5 7. Ne4 h6 8.
Nxc5 Nf4 9. O-O g5 10. d4 Ng6 11. c4 g4 12. Ne1 Nxe5 13. b3 Ng6 14. Nc2 Bg7 15.
Re1 Kf8 16. Ba3 Qc7 17. Ne3 Qf4 18. Qe2 Bxd4 19. Rad1 Bxc5 20. Bxc5 Be6 21. Nc2
Qg5 22. Bd4 Rh7 23. Be3 Qf6 24. Bd4 Qg5 25. Be3 Qf6 26. Qd2 Qh4 27. Nd4 Kg8 28.
Nxe6 fxe6 29. Qd7 Rf8 30. Qxe6+ 1-0